000
003120000a22001450004500
001
005225
003
MACL
040
_a
MACL
090
_c
17218
_d
17217
245
_a
Deccan Review
_b
Khan Zafar Ali Editor
260
_a
Amanat Press Hyderabad
350
_a
0.25
650
_a
Urdu Literature
942
_k
891
_c
Book
999
_c
17108
_d
17108